000 00714nmc a2200277 a 4500
003 AR-BaBNM
005 20251128211429.0
008 144020s1998 ||||||||||||||000 | spa||
020 _a0-582-33552-3
040 _cAR-BaBNM
100 1 _aHopkins, Andy
245 1 0 _aDiana
_blife of a princess
260 _aEssex
_bAddison Wesley Longman Limited
_c1998
300 0 _a32 p.
_bil.
490 0 _aLongman originals
_v2
600 1 4 _aSpencer, Diana
650 4 _aLITERATURA INGLESA
650 4 _aINGLES
650 4 _aCUENTOS DE AVENTURAS
650 4 _aACTIVIDADES DE APRENDIZAJE
653 _aLITERATURA JUVENIL
655 _aLITERATURA
700 1 _aPotter, Jocelyn
942 _cBK
998 _cmartin
999 _c19660
_d19660